000 00897cam a22003014a 4500
001 112425
005 20230410103927.0
008 110804s2010 couab 000 0 eng
035 _a16904077
925 0 _aacquire
_b2 shelf copies
_xpolicy default
942 _2lcc
_cbk
010 _a 2011453912
020 _a9781581607321 (pbk)
020 _a1581607326 (pbk)
040 _aDLC
_cDLC
_dDLC
042 _apcc
050 1 4 _a500 DT 12.25
_bH679a 2010
082 0 0 _a916
100 1 _aHoare, Mike.
245 1 0 _aMike Hoare's adventures in Africa /
_cMike Hoare.
246 3 _aAdventures in Africa
260 _aBoulder, Colo. :
_bPaladin ;
_aNewbury :
_bCasemate [distributor],
_c2010.
300 _avii, 219 ;
_bill. maps ;
_c22 cm.
600 1 0 _aHoare, Mike
_xTravel
_zAfrica.
651 0 _aAfrica
_xDescription and travel.
651 4 _aAfrica
_xDescripciones y viajes.
946 _aYSL
999 _c28616
_d28616